[Event "AUTO-MASTER-290"]
[Site "http://www.queenalice.com/game.php?id=190079"]
[Date "2007.3.31"]
[Round "1"]
[White "Matru"]
[Black "trallala"]
[Result "0-1"]
[WhiteElo "1807"]
[BlackElo "1928"]

1. e4 e5 2. Nf3 Nc6 3. Bc4 Nf6 4. Ng5 d5 5. exd5 Nd4 6. c3 b5 7. cxd4 bxc4 8.
Qe2 Qxd5 9. Qxe5+ Be7 10. Nc3 Qxg2 11. Rf1 O-O 12. Qg3 Qc6 13. Rg1 Bb4 14. Nge4
g6 15. Nxf6+ Qxf6 16. d3 Qxd4 17. dxc4 Re8+ 18. Be3 Bxc3+ 19. bxc3 Qxc3+ 20. Ke2
Qxc4+ 21. Ke1 Qc3+ 22. Ke2 Ba6+ 23. Kf3 Qc6+ 24. Kg4 Re4+ 25. Bf4 Bc8+ 0-1

[Event "AUTO-MASTER-290"]
[Site "http://www.queenalice.com/game.php?id=190090"]
[Date "2007.3.31"]
[Round "1"]
[White "Matru"]
[Black "Twinigo"]
[Result "0-1"]
[WhiteElo "1771"]
[BlackElo "1971"]

1. e4 e5 2. Nf3 Nc6 3. Nc3 a6 4. Bc4 Bc5 5. d3 Nge7 6. Be3 Bxe3 7. fxe3 Ng6 8.
Qe2 d6 9. O-O-O O-O 10. Rdf1 Na5 11. Bb3 Nxb3+ 12. axb3 Be6 13. Rf2 b5 14. Rhf1
c6 15. g3 a5 16. h4 h6 17. d4 a4 18. bxa4 Bc4 19. Qe1 Bxf1 20. Qxf1 bxa4 21.
dxe5 a3 22. bxa3 Rxa3 23. Nb1 Rxe3 24. exd6 Qxd6 25. Qg1 Rb8 0-1

[Event "AUTO-MASTER-290"]
[Site "http://www.queenalice.com/game.php?id=190091"]
[Date "2007.3.31"]
[Round "1"]
[White "Twinigo"]
[Black "Matru"]
[Result "1-0"]
[WhiteElo "1979"]
[BlackElo "1763"]

1. c4 e5 2. Nc3 Nf6 3. g3 Bc5 4. Bg2 d6 5. Qc2 c6 6. Nf3 O-O 7. O-O Be6 8. d3
Nbd7 9. Ng5 h6 10. Nge4 Bd4 11. Nxd6 Bxc3 12. Qxc3 Qc7 13. Ne4 Nxe4 14. Bxe4 Nc5
15. Bf3 f5 16. b4 Nd7 17. Bb2 f4 18. Be4 Bh3 19. Bg2 Bg4 20. f3 Be6 21. g4 Rad8
22. a4 Rf7 23. Rfc1 Rc8 24. Qe1 Rcf8 25. Qf2 b6 26. a5 1-0

[Event "Challenge"]
[Site "http://www.queenalice.com/game.php?id=193162"]
[Date "2007.4.7"]
[Round "-"]
[White "RichardB"]
[Black "Matru"]
[Result "1-0"]
[WhiteElo "1945"]
[BlackElo "1884"]

1. d4 d5 2. c4 Nf6 3. cxd5 Nxd5 4. e4 Nb6 5. Bf4 e6 6. Nc3 Bb4 7. Nf3 O-O 8. Bd3
Nc6 9. Bc2 Nc4 10. Rb1 Re8 11. Qd3 f5 12. Qxc4 Kh8 13. O-O Bxc3 14. bxc3 h6 15.
Rfe1 Re7 16. h4 Na5 17. Qd3 b6 18. h5 fxe4 19. Qxe4 g5 20. hxg6 Bb7 21. Qe5+ 1-0

[Event "Challenge"]
[Site "http://www.queenalice.com/game.php?id=193734"]
[Date "2007.4.8"]
[Round "-"]
[White "raquca"]
[Black "Matru"]
[Result "1-0"]
[WhiteElo "1900"]
[BlackElo "1731"]

1. b3 e5 2. Bb2 d6 3. e3 Nf6 4. Nf3 Bg4 5. Be2 Be7 6. O-O O-O 7. h3 Bh5 8. d3
Nc6 9. Nbd2 Qd7 10. a3 Nd5 11. c4 Nf6 12. Re1 h6 13. Rc1 Qe6 14. Qc2 Nd7 15. b4
a6 16. d4 exd4 17. Nxd4 Nxd4 18. Bxd4 Bxe2 19. Rxe2 Rae8 20. Nf3 Bf6 21. Rce1
Re7 22. Qc3 Rfe8 23. Nd2 1-0

[Event "Challenge"]
[Site "http://www.queenalice.com/game.php?id=194725"]
[Date "2007.4.10"]
[Round "-"]
[White "Joe_Boyd"]
[Black "Matru"]
[Result "1-0"]
[WhiteElo "1830"]
[BlackElo "1881"]

1. e4 e5 2. Nf3 Nf6 3. Nxe5 d6 4. Nc4 Nxe4 5. Qe2 Qe7 6. d3 Nf6 7. Bg5 Bg4 8.
Qxe7+ Bxe7 9. Nc3 Nc6 10. Bxf6 Bxf6 11. Nd5 O-O-O 12. Nxf6 gxf6 13. h3 Rde8+ 14.
Ne3 Bh5 15. g4 Bg6 16. O-O-O Re5 17. Bg2 f5 18. g5 f4 19. Nc4 Rxg5 20. Bxc6 bxc6
21. h4 Rg2 22. Rd2 Re8 23. c3 Kd7 24. d4 f6 25. b4 Bh5 26. Nb2 Re2 27. Rxe2 Bxe2
28. Re1 Rxf2 29. a4 Rf1 30. Rxf1 Bxf1 31. Kd2 Ke6 32. Nd1 Kf5 33. Nf2 Kg6 34.
Ne4 Bg2 35. Nf2 Kh5 36. Ke2 Kxh4 37. Nd3 f3+ 38. Kf2 Kg4 39. Ne1 1-0

[Event "Challenge"]
[Site "http://www.queenalice.com/game.php?id=194726"]
[Date "2007.4.10"]
[Round "-"]
[White "Matru"]
[Black "Joe_Boyd"]
[Result "1-0"]
[WhiteElo "1874"]
[BlackElo "1723"]

1. e4 c5 2. d3 Nc6 3. Nf3 d6 4. c3 Bg4 5. Be3 Nf6 6. Nbd2 e6 7. Be2 Be7 8. O-O
O-O 9. d4 cxd4 10. Nxd4 Bxe2 11. Qxe2 d5 12. exd5 Nxd4 13. Bxd4 Qxd5 14. Nb3 g6
15. Qe3 Bd6 16. Bxf6 1-0

[Event "Challenge"]
[Site "http://www.queenalice.com/game.php?id=202618"]
[Date "2007.4.26"]
[Round "-"]
[White "corinthians2"]
[Black "Matru"]
[Result "1-0"]
[WhiteElo "2081"]
[BlackElo "1894"]

1. e4 e5 2. Nf3 Nf6 3. d4 exd4 4. e5 Ne4 5. Qxd4 d5 6. exd6 Nxd6 7. Nc3 Nc6 8.
Qf4 Be7 9. Bd2 O-O 10. O-O-O Bf6 11. Nd5 Be6 12. Nxf6+ Qxf6 13. Qxf6 gxf6 14.
Be2 Rfe8 15. Rhe1 Bg4 16. h3 Bh5 17. Bf4 Ne4 18. Be3 1-0

[Event "Challenge"]
[Site "http://www.queenalice.com/game.php?id=202712"]
[Date "2007.4.26"]
[Round "-"]
[White "melanny"]
[Black "Matru"]
[Result "1-0"]
[WhiteElo "1083"]
[BlackElo "1775"]

1. e4 e5 2. Bc4 Nc6 3. Nf3 Bc5 4. O-O Nf6 5. a3 O-O 6. Ng5 h6 7. Bxf7+ Rxf7 8.
Nxf7 Kxf7 9. b4 Be7 10. c4 d6 11. c5 1-0

[Event "Challenge"]
[Site "http://www.queenalice.com/game.php?id=204609"]
[Date "2007.5.1"]
[Round "-"]
[White "Matru"]
[Black "corinthians2"]
[Result "0-1"]
[WhiteElo "1903"]
[BlackElo "2072"]

1. e4 c5 2. Nf3 e6 3. d3 Nc6 4. c3 d5 5. exd5 Qxd5 6. Be3 Nf6 7. g3 Be7 8. Bg2
Qd7 9. O-O O-O 10. Qc2 b6 11. Nbd2 Bb7 0-1

[Event "Challenge"]
[Site "http://www.queenalice.com/game.php?id=204937"]
[Date "2007.5.1"]
[Round "-"]
[White "Sidinei"]
[Black "Matru"]
[Result "1-0"]
[WhiteElo "2179"]
[BlackElo "1885"]

1. d4 d5 2. Nf3 c6 3. c4 Nf6 4. cxd5 cxd5 5. Nc3 e6 6. Bf4 Bd6 7. Bxd6 Qxd6 8.
e3 O-O 9. Bd3 Nc6 10. O-O Bd7 11. Rc1 Rfc8 12. a3 1-0